Podział administracyjny Mokotowa - Statystyki

Ogólne statystyki
  • Ten quiz został rozwiązany 10 razy
  • Średni wynik to 6 z 12
Statystyki odpowiedzi
Odpowiedź: % Poprawnych
Sielce
71%
Stegny
71%
Augustówka
57%
Czerniaków
57%
Sadyba
57%
Wierzbno
57%
Ksawerów
43%
Siekierki
43%
Służew
43%
Służewiec
43%
Stary Mokotów
43%
Wyględów
14%
Nie znaleziono quizów pasujących do podanych kryteriów
Rozkład punktacji
Procent ludzi z każdym wynikiem
Percentyl według liczby udzielonych odpowiedzi
Twoja historia wyników
Nie rozwiązałeś tego quizu